000 00388nam a2200145Ia 4500
005 20240807062226.0
008 240806s9999||||xx |||||||||||||| ||eng||
041 _aeng
100 _aSingh, Bhagvan
245 0 _aBharateey sabhyata ki nirmiti /
_cSingh, Bhagvan
260 _bSahity Upkram Itihas Bodh Prakashan, Allahabad
300 _a247p.
650 _aGeneral Studies
942 _cBK
999 _c12362
_d12362